000
00325nam a2200121Ia 4500
008
220216s9999 xx 000 0 und d
100
_a
George K T
245
0
_a
R&D challenges of NR producing countries
260
_b
Rubber Asia 20th Anniversary Issue
300
_a
125-128
650
_a
NR producing countries
942
_c
BS
999
_c
48384
_d
48384